International financial statistics (Бичлэгийн дугаар. 145328)
| 000 -УДИРДЛАГА | |
|---|---|
| Удирдлага | 00716 a2200265 4500 |
| 003 - ХЯНАЛТЫН ТОО ТОДОРХОЙЛОГЧ | |
| Код | MN-UlNUM |
| 005 - БИЧИЛТ ХИЙСЭН ОГНОО | |
| Тухайн бичилтийг бичсэн засварласан сүүлийн огноо | 20251105162745.0 |
| 008 - ЕРӨНХИЙ МЭДЭЭЛЭЛ | |
| Ерөнхий мэдээлэл | 110605d19902019dcumr p s i0 a0eng c |
| 022 ## - ISSN | |
| ISSN | 00206725 |
| 040 ## - БИЧЛЭГ ҮҮСГЭГЧ БАЙГУУЛЛАГА | |
| Бичлэг үүсгэгч номын сангийн код | МУИС-ийн номын сан |
| 084 ## - ББК АНГИЛАЛ | |
| ББК ангилал | 65.428 |
| Зохиогчийн гурван тэмдэгт | I 69 |
| Нэмэлт тусгалт | Гарын авлага |
| Мэдлэгийн ялгаа | 65 - Эдийн засаг |
| 110 ## - ЭРХЛЭН ГАРГАСАН /БАЙГУУЛЛАГА/ | |
| Эрхлэн гаргасан байгууллага | International Monetary Fund |
| Subordinate unit | issuing body |
| 245 10 - ҮНДСЭН ГАРЧИГ | |
| Номын нэр | International financial statistics |
| Оролцогчдын тухай мэдээ | International Monetary Fund |
| 260 ## - ГАРАЛТЫН МЭДЭЭ | |
| Хэвлэгдсэн газар | Washington : |
| Хэвлэлийн газар | International Monetary Fund |
| Хэвлэгдсэн он | 1990 |
| 300 ## - МАТЕРИАЛЫН ТОДОРХОЙЛОЛТ | |
| хуудасны тоо | 604 |
| 500 ## - Тайлбар | |
| Дансны дугаар | БС 5658 |
| 546 ## - ХЭЛНИЙ ТУХАЙ МЭДЭЭ | |
| Хэл | Англи хэл дээр, |
| 653 ## - Түлхүүр үг | |
| Түлхүүр үг | finance |
| 653 ## - Түлхүүр үг | |
| Түлхүүр үг | statistics |
| 653 ## - Түлхүүр үг | |
| Түлхүүр үг | periodicals |
| 740 ## - НОМЫН ГАРЧИГ | |
| Гарчиг | World tables |
| 740 ## - НОМЫН ГАРЧИГ | |
| Гарчиг | Country tables |
| 942 ## - ЭЛЕМЕНТИЙН ТӨРӨЛ | |
| Зүйлийн төрөл | Ном |
